US Palermo Squad 2016-2017 - Statistics

General Stats
  • This quiz has been taken 6 times
  • The average score is 12 of 36
Answer Stats
# Position Nation Player % Correct
12 DF Costa Rica Giancarlo González
100%
30 FW North Macedonia Ilija Nestorovski
100%
10 MF Sweden Oscar Hiljemark
100%
8 FW North Macedonia Aleksandar Trajkovski
75%
- Coach Italy Davide Ballardini
75%
21 FW Sweden Robin Quaison
75%
6 DF Italy Edoardo Goldaniga
50%
97 DF Italy Giuseppe Pezzella
50%
18 MF Bulgaria Ivaylo Chochev
50%
1 GK Croatia Josip Posavec
50%
28 MF Bosnia and Herzegovina Mato Jajalo
50%
89 DF Switzerland Michel Morganella
50%
22 FW Hungary Norbert Balogh
50%
15 DF Poland Thiago Cionek
50%
23 FW Italy Alessandro Diamanti
25%
3 DF Italy Andrea Rispoli
25%
- Coach Uruguay Diego López
25%
19 DF Norway Haitam Aleesami
25%
55 GK Italy Leonardo Marson
25%
- Coach Italy Roberto De Zerbi
25%
2 DF Italy Roberto Vitiello
25%
20 MF Hungary Roland Sallai
25%
4 DF Slovenia Siniša Anđelković
25%
9 FW Sweden Stefan Silva
25%
27 FW Italy Accursio Bentivegna
0%
14 MF Italy Alessandro Gazzi
0%
68 GK Italy Andrea Fulignati
0%
56 DF Italy Andrea Punzi
0%
11 FW Guinea-Bissau Carlos Embalo
0%
- Coach Italy Diego Bortoluzzi
0%
- Coach Italy Eugenio Corini
0%
24 MF Morocco Ouasim Bouy
0%
70 DF Italy Simone Giuliano
0%
98 FW Italy Simone Lo Faso
0%
5 DF Serbia Slobodan Rajković
0%
44 DF Bosnia and Herzegovina Toni Šunjić
0%
No matching quizzes found
Score Distribution
Percent of People with Each Score
Percentile by Number Answered
Your Score History
You have not taken this quiz